Normal view
MARC view
- تأليف راضى، محمد سامى
Entry Personal Name
001 - CONTROL NUMBER
- control field: 27625
003 - CONTROL NUMBER IDENTIFIER
- control field: JO-AjAnu
005 - DATE AND TIME OF LATEST TRANSACTION
- control field: 20230606074706.0
008 - FIXED-LENGTH DATA ELEMENTS
- fixed length control field: 230606|| aca||aabn | a|a d
040 ## - CATALOGING SOURCE
- Original cataloging agency: JO-AjAnu
- Transcribing agency: JO-AjAnu
100 ## - HEADING--PERSONAL NAME
- Personal name: تأليف راضى، محمد سامى
670 ## - SOURCE DATA FOUND
- Source citation: Work cat.: (JO-AjAnu)14186: تأليف راضى، محمد سامى, author, موسوعة المراجعة المتقدمة : مراجعة استقصائية قضائية، مراجعة الأداء البيئي، مراجعة حوكمة الشركات، جودة المراجعة